000 00451nam a2200181Ia 4500
001 2213
005 20260306143825.0
008 260306t2020||||xx |||||||||||||| ||spa||
041 _aESP
082 _a616.075
_bP78
100 _aPorter, Robert S.,
_eAUT
245 0 _aEl manual Merck :
_bde diagnóstico y tratamiento
260 _c2020
300 _axxvii, 3470 páginas :
_c26 cm.
650 _aGEN
654 _aCCS
942 _cLIB
_dJUS
_fJUS
_2ddc
_n
999 _c2213
_d2213